Т. 4, № 2; Промышленная теплотехника

Bibliographic Details
Parent link:Промышленная теплотехника: журнал/ Институт технической теплофизики НАН Украины. Т. 4, № 2.— , 1980-.— 0204-3602
Language:Russian
Published: 1982
Format: Book
KOHA link:https://koha.lib.tpu.ru/cgi-bin/koha/opac-detail.pl?biblionumber=518072

MARC

LEADER 00000nam2a2200000 4500
001 518072
005 20231101105813.0
035 |a (RuTPU)RU\TPU\prd\196533 
035 |a RU\TPU\prd\196532 
090 |a 518072 
100 |a 20131007a19809999k y0rusy50 ca 
101 0 |a rus 
102 |a RU 
200 0 |a Т. 4, № 2 
210 |d 1982 
461 1 |0 (RuTPU)RU\TPU\prd\1700  |x 0204-3602  |t Промышленная теплотехника  |o журнал  |f Институт технической теплофизики НАН Украины  |v Т. 4, № 2  |d 1980- 
801 0 |a RU  |b 63413507  |c 20010227  |g PSBO 
801 1 |a RU  |b 63413507  |c 20020528  |g PSBO 
801 2 |a RU  |b 63413507  |c 20131007  |g RCR 
942 |c BK 
999 |a НТБ_ТПУ  |b НФ  |e -14/20131007  |p П-9077  |u 0,00  |v 1